Silent cinema : an introduction (Record no. 19640)

MARC details
000 -LEADER
fixed length control field 00494nam a2200181Ia 4500
005 - DATE AND TIME OF LATEST TRANSACTION
control field 20251219143243.0
008 - FIXED-LENGTH DATA ELEMENTS--GENERAL INFORMATION
fixed length control field 231207s9999 xx 000 0 und d
020 ## - INTERNATIONAL STANDARD BOOK NUMBER
International Standard Book Number 9780851707464
040 ## - CATALOGING SOURCE
Transcribing agency PK-LaNCA
082 ## - DEWEY DECIMAL CLASSIFICATION NUMBER
Classification number 791.43
Item number USA
100 ## - MAIN ENTRY--PERSONAL NAME
Author Name Usai, Paolo Cherchi
245 #0 - TITLE STATEMENT
Title Silent cinema : an introduction
260 ## - PUBLICATION, DISTRIBUTION, ETC.
Name of publisher, distributor, etc. British Film Institute
Place of publication, distribution, etc. London
Date of publication, distribution, etc. 2000
300 ## - PHYSICAL DESCRIPTION
Pages xix, 212p
Other physical details ill
546 ## - LANGUAGE NOTE
Language note English
650 ## - SUBJECT ADDED ENTRY--TOPICAL TERM
Subject Silent films. Motion pictures--History. FTV.
942 ## - ADDED ENTRY ELEMENTS (KOHA)
Koha item type Film & TV
999 ## -
-- 19640
-- 19640
Holdings
Withdrawn status Weedout from Library Permanent Location Current Location Shelving location Date acquired Full call number Barcode Price effective from Koha item type
    NATIONAL COLLEGE OF ARTS, LAHORE - LIBRARY NATIONAL COLLEGE OF ARTS, LAHORE - LIBRARY Film & TV Section Basement of Library 08/12/2023 FTV 791.43 USA 23856 23856 08/12/2023 Film & TV